Todos os Vices-Campeões da Formula 1 (1950-2022) - Statistics

Estatísticas Gerais
  • Esse quiz foi jogado 252 vezes
  • A pontuação média é 48 de 73
Estatísticas das Respostas
Hint Resposta % Correto
1989 Ayrton Senna
99%
1993 Ayrton Senna
99%
2007 Lewis Hamilton
99%
2016 Lewis Hamilton
99%
2021 Lewis Hamilton
99%
2008 Felipe Massa
97%
1998 Michael Schumacher
97%
2006 Michael Schumacher
97%
1983 Alain Prost
95%
1984 Alain Prost
95%
1988 Alain Prost
95%
1990 Alain Prost
95%
2009 Sebastian Vettel
95%
2017 Sebastian Vettel
95%
2018 Sebastian Vettel
95%
2010 Fernando Alonso
94%
2012 Fernando Alonso
94%
2013 Fernando Alonso
94%
2014 Nico Rosberg
91%
2015 Nico Rosberg
91%
1980 Nelson Piquet
90%
2022 Charles Leclerc
88%
2002 Rubens Barrichello
88%
2004 Rubens Barrichello
88%
1973 Emerson Fittipaldi
87%
1975 Emerson Fittipaldi
87%
1950 Juan Manuel Fangio
85%
1953 Juan Manuel Fangio
85%
1976 Niki Lauda
85%
2019 Valtteri Bottas
84%
2020 Valtteri Bottas
84%
1994 Damon Hill
81%
1995 Damon Hill
81%
1963 Graham Hill
80%
1964 Graham Hill
80%
1965 Graham Hill
80%
2003 Kimi Räikkönen
80%
2005 Kimi Räikkönen
80%
1986 Nigel Mansell
79%
1987 Nigel Mansell
79%
1991 Nigel Mansell
79%
2000 Mika Häkkinen
77%
2011 Jenson Button
74%
1951 Alberto Ascari
73%
1996 Jacques Villeneuve
70%
1952 Nino Farina
58%
1968 Jackie Stewart
56%
1972 Jackie Stewart
56%
1967 Jack Brabham
51%
1962 Jim Clark
51%
2001 David Coulthard
41%
1999 Eddie Irvine
38%
1955 Stirling Moss
38%
1956 Stirling Moss
38%
1957 Stirling Moss
38%
1958 Stirling Moss
38%
1977 Jody Scheckter
31%
1979 Jody Scheckter
31%
1992 Riccardo Patrese
30%
1997 Heinz-Harald Frentzen
26%
1960 Bruce McLaren
25%
1974 Clay Regazzoni
24%
1966 John Surtees
24%
1981 Carlos Reutemann
22%
1985 Michele Alboreto
20%
1971 Ronnie Peterson
19%
1978 Ronnie Peterson
19%
1982 Didier Pironi
18%
1969 Jacky Ickx
16%
1970 Jacky Ickx
16%
1961 Wolfgang von Trips
9%
1954 José Froilán González
6%
1959 Tony Brooks
5%
Nenhum quiz correspondente encontrado
Distribuição das Pontuações
Porcentagem de Pessoas com Cada Pontuação
Percentil de Números Respondidos
Sua Pontuação Histórica
Você não jogou esse quiz